[Event "I Open A"]
[Site "San Marino SMR"]
[Date "1998.06.??"]
[Round "6"]
[White "Dubois, Martine"]
[Black "Magalotti, Andrea"]
[Result "1/2-1/2"]
[WhiteElo "2060"]
[BlackElo "2145"]
[PlyCount "33"]
[EventDate "1998.06.13"]

1. e4 c5 2. c3 d5 3. exd5 Qxd5 4. d4 Nf6 5. Nf3 e6 6. Be2 cxd4 7. cxd4 Nc6 8.
O-O Be7 9. Nc3 Qd8 10. Be3 O-O 11. Ne5 Bd7 12. Bf3 Be8 13. a3 Rc8 14. Rc1 Bd6
15. Bf4 Bb8 16. Nxc6 bxc6 17. Be5 1/2-1/2

[Event "I Open A"]
[Site "San Marino SMR"]
[Date "1998.06.??"]
[Round "6"]
[White "Genocchio, Daniele"]
[Black "Lanzani, Mario"]
[Result "0-1"]
[WhiteElo "2155"]
[BlackElo "2375"]
[PlyCount "74"]
[EventDate "1998.06.13"]

1. e4 c6 2. d4 d5 3. exd5 cxd5 4. c4 Nf6 5. Nc3 e6 6. c5 Ne4 7. Nf3 Be7 8. Qc2
Nxc3 9. Qxc3 a5 10. a3 a4 11. Bf4 Nc6 12. Bd3 Bd7 13. O-O O-O 14. b4 axb3 15.
Qxb3 g5 16. Bd6 Bxd6 17. cxd6 f6 18. Qxb7 Rb8 19. Qc7 Qxc7 20. dxc7 Rbc8 21.
Bb5 Rxc7 22. Rfc1 Rfc8 23. Bxc6 Bxc6 24. h4 gxh4 25. Nxh4 Ba4 26. Rxc7 Rxc7 27.
Rb1 Kf7 28. Rb4 Ra7 29. Kf1 Bc2 30. Ke2 Rxa3 31. Rb7+ Ke8 32. Kd2 Be4 33. f3
Bd3 34. g4 Kf8 35. Ng2 Ba6 36. Rb8+ Ke7 37. Ne3 Rd3+ 0-1

[Event "I Open A"]
[Site "San Marino SMR"]
[Date "1998.06.??"]
[Round "6"]
[White "Hacker, Christian"]
[Black "Mordiglia, Riccardo"]
[Result "1/2-1/2"]
[WhiteElo "2190"]
[BlackElo "2115"]
[PlyCount "31"]
[EventDate "1998.06.13"]

1. e4 d5 2. exd5 Nf6 3. d4 Nxd5 4. c4 Nb6 5. Nf3 Bg4 6. c5 N6d7 7. Bc4 e6 8.
Qb3 Nc6 9. Nbd2 Na5 10. Qc3 Nxc4 11. Nxc4 c6 12. Bf4 Be7 13. Nfe5 Nxe5 14. Bxe5
f6 15. Bd6 O-O 16. O-O 1/2-1/2

[Event "I Open A"]
[Site "San Marino SMR"]
[Date "1998.06.??"]
[Round "6"]
[White "Isonzo, David"]
[Black "Prelati, Maurizio"]
[Result "1-0"]
[WhiteElo "2235"]
[BlackElo "2110"]
[PlyCount "61"]
[EventDate "1998.06.13"]

1. e4 c5 2. Nf3 d6 3. d4 cxd4 4. Nxd4 Nf6 5. Nc3 a6 6. Bc4 e6 7. Bb3 b5 8. O-O
Bb7 9. Bg5 Nbd7 10. Re1 Rc8 11. Nd5 h6 12. Bh4 g6 13. Qf3 Bg7 14. e5 dxe5 15.
Nxf6+ Bxf6 16. Qxb7 Bxh4 17. Nxe6 fxe6 18. Bxe6 Bxf2+ 19. Kxf2 Rxc2+ 20. Kg1
Qb6+ 21. Qxb6 Nxb6 22. Rxe5 Kd8 23. Rd1+ Kc7 24. Bb3 Rxb2 25. Re7+ Kb8 26. Re6
Nc4 27. Rxg6 a5 28. Rd5 Rb1+ 29. Kf2 a4 30. Rxb5+ Kc8 31. Bxc4 1-0

[Event "I Open A"]
[Site "San Marino SMR"]
[Date "1998.06.??"]
[Round "6"]
[White "Lagrotteria, Salvatore"]
[Black "Schmitz, Manuela"]
[Result "1-0"]
[WhiteElo "2180"]
[BlackElo "2010"]
[PlyCount "127"]
[EventDate "1998.06.13"]

1. Nf3 Nf6 2. g3 b6 3. Bg2 Bb7 4. O-O e6 5. c4 d5 6. b3 Be7 7. Bb2 O-O 8. e3 c5
9. Qe2 Nc6 10. d3 Qc7 11. Nc3 a6 12. cxd5 exd5 13. d4 cxd4 14. exd4 Rfe8 15.
Qd1 Bd6 16. Rc1 Qd8 17. Nh4 Ne7 18. Qd3 b5 19. Rfe1 Ng6 20. Rxe8+ Qxe8 21. Nf5
Bf8 22. Ne3 Qd7 23. Rc2 Re8 24. Re2 Rc8 25. Nf5 Re8 26. Bc1 Rxe2 27. Nxe2 Qe6
28. Ne3 Bb4 29. Bd2 Bxd2 30. Qxd2 Qc8 31. h4 h6 32. b4 Ne7 33. Nf4 Qc7 34. Qb2
Kf8 35. Nd3 Ne8 36. Nc5 Nd6 37. Qc2 Nc4 38. a4 Kg8 39. Nxc4 bxc4 40. Nxb7 Qxb7
41. Qxc4 dxc4 42. Bxb7 c3 43. Be4 Nc6 44. b5 axb5 45. axb5 Nxd4 46. b6 Nc6 47.
Kf1 f5 48. Bxf5 Kf7 49. Ke1 Kf6 50. Be4 Nb8 51. Ke2 Ke5 52. Ke3 g5 53. hxg5
hxg5 54. b7 Nd7 55. Bg2 Kf5 56. Kd3 Ke5 57. Kxc3 Nb8 58. Kc4 Kd6 59. Kb5 Kc7
60. Kc5 Nd7+ 61. Kd5 Nf6+ 62. Ke6 Ng4 63. f4 gxf4 64. gxf4 1-0

[Event "I Open A"]
[Site "San Marino SMR"]
[Date "1998.06.??"]
[Round "6"]
[White "Lapiccirella, Mattia"]
[Black "Costantini, Roberto"]
[Result "0-1"]
[WhiteElo "2095"]
[BlackElo "2140"]
[PlyCount "64"]
[EventDate "1998.06.13"]

1. d4 d5 2. c4 e6 3. Nc3 Be7 4. Nf3 Nf6 5. Bg5 O-O 6. e3 h6 7. Bh4 b6 8. cxd5
Nxd5 9. Bxe7 Qxe7 10. Nxd5 exd5 11. Rc1 Be6 12. Qa4 c5 13. Qa3 Rc8 14. Bb5 Qb7
15. dxc5 bxc5 16. Rxc5 Rxc5 17. Qxc5 Na6 18. Qc6 Qxc6 19. Bxc6 Rb8 20. a4 Rc8
21. Bb7 Rc1+ 22. Kd2 Rxh1 23. Bxa6 Kf8 24. h3 Ra1 25. Bb5 Ke7 26. b3 Ra2+ 27.
Ke1 Kd6 28. Nd4 g6 29. Be2 Bd7 30. Bd1 Kc5 31. Be2 Rb2 32. Bd1 Bf5 0-1

[Event "I Open A"]
[Site "San Marino SMR"]
[Date "1998.06.??"]
[Round "6"]
[White "Mantovani, Renzo"]
[Black "Giorgadze, Giorgi"]
[Result "0-1"]
[WhiteElo "2365"]
[BlackElo "2605"]
[PlyCount "127"]
[EventDate "1998.06.13"]

1. e4 e5 2. Nf3 Nc6 3. Bb5 Nf6 4. Nc3 Bb4 5. O-O O-O 6. d3 d6 7. Bg5 Bxc3 8.
bxc3 Qe7 9. Bxc6 bxc6 10. Nd2 h6 11. Bh4 Qe6 12. Bxf6 Qxf6 13. Qf3 Qxf3 14.
Nxf3 Be6 15. c4 Rab8 16. Rfb1 Rb6 17. Kf1 f5 18. exf5 Bxf5 19. Nd2 Rfb8 20. Rb3
c5 21. Ke2 Bd7 22. Kd1 Rb4 23. Kc1 Kf7 24. h4 Ke6 25. Rab1 R8b6 26. Ra3 Ra4 27.
Rxb6 axb6 28. Rxa4 Bxa4 29. Nf1 Bc6 30. f3 Be8 31. Kd2 c6 32. a3 d5 33. Ne3 b5
34. c3 Bd7 35. g4 Kd6 36. cxd5 cxd5 37. Nf1 e4 38. dxe4 dxe4 39. Ke3 exf3 40.
Kxf3 Ke5 41. h5 Bc8 42. Nd2 Be6 43. Nf1 Bd5+ 44. Ke3 Bb3 45. Nh2 Be6 46. Nf3+
Kd5 47. g5 hxg5 48. Nxg5 Bg4 49. c4+ Kxc4 50. Ne4 Bxh5 51. Nd6+ Kb3 52. Nxb5
Be8 53. Nd6 c4 54. Kd2 c3+ 55. Kc1 Bg6 56. Nb5 Bd3 57. a4 g6 58. Nc7 Kxa4 59.
Ne6 Kb4 60. Nf4 Kc4 61. Ne6 Kd5 62. Nf4+ Kc5 63. Kd1 Bf5 64. Ke2 0-1

[Event "I Open A"]
[Site "San Marino SMR"]
[Date "1998.06.??"]
[Round "6"]
[White "Ravagnani, Tiziano"]
[Black "Elstner, Herbert"]
[Result "0-1"]
[WhiteElo "2015"]
[BlackElo "2155"]
[PlyCount "136"]
[EventDate "1998.06.13"]

1. e4 e5 2. Nf3 Nc6 3. Nc3 Nf6 4. d4 exd4 5. Nxd4 Bb4 6. Nxc6 bxc6 7. Bd3 d5 8.
exd5 cxd5 9. O-O O-O 10. Bg5 c6 11. Qf3 Bd6 12. h3 Be5 13. Rfe1 Qd6 14. Re2 Bd7
15. Rae1 Rfe8 16. Bxf6 Qxf6 17. Bxh7+ Kxh7 18. Qh5+ Kg8 19. Rxe5 Rxe5 20. Rxe5
g6 21. Qe2 Bf5 22. f4 Bd7 23. g3 Bxh3 24. Na4 Qd8 25. c3 d4 26. Qd3 dxc3 27.
Qxd8+ Rxd8 28. Nxc3 Rd2 29. Re2 Rd3 30. Ne4 Bf5 31. Kf2 Kf8 32. g4 Bxg4 33. Re3
Rd1 34. Kg3 Be6 35. b3 Bd5 36. Nc3 Rd2 37. Kh3 Be6+ 38. Kg3 Ke7 39. b4 Kd7 40.
a3 Bd5 41. Kg4 Rg2+ 42. Kh3 Rg1 43. Kh2 Rg4 44. Ne2 Bc4 45. f5 gxf5 46. Nc3
Rh4+ 47. Kg1 Rd4 48. Na4 Be6 49. Nc5+ Kd6 50. Kf2 f4 51. Rc3 Bd5 52. Rh3 Rd2+
53. Ke1 Ra2 54. Rd3 Ke5 55. a4 f3 56. Rd2 Rxd2 57. Kxd2 Kd4 58. Nd3 Bc4 59. Nf2
f5 60. Nd1 f4 61. Ke1 Bb3 62. b5 cxb5 63. axb5 Bxd1 64. Kxd1 Kd3 65. Ke1 Ke3
66. Kf1 f2 67. Kg2 Ke2 68. b6 f1=Q+ 0-1

[Event "I Open A"]
[Site "San Marino SMR"]
[Date "1998.06.??"]
[Round "6"]
[White "Sulava, Nenad"]
[Black "Ortega, Lexy"]
[Result "1-0"]
[WhiteElo "2450"]
[BlackElo "2475"]
[PlyCount "62"]
[EventDate "1998.06.13"]

1. c4 e6 2. d4 d5 3. Nc3 c6 4. Nf3 Nf6 5. Bg5 h6 6. Bxf6 Qxf6 7. Qb3 Nd7 8. e4
dxe4 9. Nxe4 Qf4 10. Bd3 e5 11. O-O Be7 12. dxe5 Nxe5 13. Nxe5 Qxe5 14. f4 Qc7
15. Kh1 Bf5 16. Ng3 Bxd3 17. Qxd3 O-O 18. f5 Rfd8 19. Qf3 Rd4 20. f6 Bxf6 21.
Nf5 Rxc4 22. Nxh6+ Kf8 23. Ng4 Qd6 24. Qh3 Rd8 25. Rae1 Kg8 26. Rxf6 Qd4 27.
Qh5 Qxg4 28. Qxf7+ Kh7 29. Rf3 Rd6 30. Rg3 Rf4 31. Qb3 Rdf6 1-0

[Event "I Open A"]
[Site "San Marino SMR"]
[Date "1998.06.??"]
[Round "6"]
[White "Tocco, Paolo"]
[Black "Gaggiottini, Manfredo"]
[Result "0-1"]
[WhiteElo "2150"]
[BlackElo "2105"]
[PlyCount "58"]
[EventDate "1998.06.13"]

1. e4 c5 2. Nc3 d6 3. g3 Nc6 4. Bg2 g5 5. d3 e5 6. Be3 h6 7. Qd2 Nf6 8. h3 Bg7
9. Nge2 Nd4 10. O-O-O b5 11. f4 b4 12. Nd5 Nxd5 13. exd5 Nb5 14. c4 bxc3 15.
Nxc3 Rb8 16. Nxb5 exf4 17. Nc3 fxe3 18. Qxe3+ Kf8 19. Rde1 Bd4 20. Qd2 Kg7 21.
Rhf1 Bd7 22. b3 Rf8 23. Ne4 Be5 24. h4 f5 25. hxg5 fxe4 26. gxh6+ Kh8 27. Rxf8+
Qxf8 28. Rf1 Qe7 29. Bxe4 Bf6 0-1

[Event "I Open A"]
[Site "San Marino SMR"]
[Date "1998.06.??"]
[Round "6"]
[White "Vettel, Matthias"]
[Black "Schmitz, Andreas Arnold"]
[Result "1-0"]
[WhiteElo "2205"]
[BlackElo "2115"]
[PlyCount "49"]
[EventDate "1998.06.13"]

1. e4 e6 2. d4 d5 3. Nc3 Bb4 4. e5 c5 5. a3 Bxc3+ 6. bxc3 Qc7 7. Nf3 Bd7 8. a4
Qa5 9. dxc5 Qxc3+ 10. Bd2 Qxc5 11. Bd3 Nc6 12. O-O Na5 13. Rb1 Nc4 14. Rxb7
Bxa4 15. Qa1 Bd7 16. Bb4 Qc8 17. Rxa7 Rxa7 18. Qxa7 Ne7 19. Nd4 Qd8 20. Bxc4
dxc4 21. Bxe7 Qxe7 22. Rd1 Qd8 23. Nb5 f6 24. Nd6+ Kf8 25. Nxc4 1-0

[Event "I Open A"]
[Site "San Marino SMR"]
[Date "1998.06.??"]
[Round "7"]
[White "Bartolozzi, Roberto"]
[Black "Diena, Giovanni"]
[Result "1-0"]
[WhiteElo "1905"]
[BlackElo "1906"]
[PlyCount "79"]
[EventDate "1998.06.13"]

1. Nf3 Nf6 2. c4 g6 3. Nc3 Bg7 4. g3 d6 5. Bg2 c5 6. O-O Nc6 7. d4 cxd4 8. Nxd4
Nxd4 9. Qxd4 O-O 10. e4 Nd7 11. Qd2 Ne5 12. b3 Bh3 13. Bb2 Bxg2 14. Kxg2 Qa5
15. Rad1 Rac8 16. Nd5 Qd8 17. f4 Nc6 18. Bxg7 Kxg7 19. f5 e6 20. f6+ Kh8 21.
Qh6 Rg8 22. Ne3 Qf8 23. Qxf8 Rgxf8 24. Rxd6 Ne5 25. h3 h6 26. Ng4 Nxg4 27. hxg4
g5 28. Rd7 Rb8 29. Rfd1 Kh7 30. Rc7 Kg6 31. e5 b5 32. c5 a5 33. Kf3 Rbc8 34.
Rxc8 Rxc8 35. Rc1 h5 36. gxh5+ Kxh5 37. g4+ Kg6 38. Ke4 Kh7 39. c6 Kg8 40. Kd4
1-0

[Event "I Open A"]
[Site "San Marino SMR"]
[Date "1998.06.??"]
[Round "7"]
[White "Cacco, Christian"]
[Black "Schaefer, Michael"]
[Result "1-0"]
[WhiteElo "2180"]
[BlackElo "2210"]
[PlyCount "101"]
[EventDate "1998.06.13"]

1. d4 d5 2. Nf3 c6 3. Bf4 Qb6 4. Qc1 Bf5 5. e3 e6 6. Nbd2 Nf6 7. Be2 h6 8. h3
Be7 9. O-O O-O 10. c4 Nbd7 11. c5 Qd8 12. b4 Ne4 13. Nxe4 Bxe4 14. Nd2 Bg6 15.
Bh2 Re8 16. a4 Bf8 17. Qc3 f6 18. b5 e5 19. Bf3 f5 20. Nb3 Qf6 21. dxe5 Nxe5
22. Bxe5 Rxe5 23. Nd4 Be8 24. a5 a6 25. bxa6 Rxa6 26. Rab1 Qe7 27. Rfc1 Qc7 28.
Rb6 Bd7 29. Rcb1 Rxb6 30. Rxb6 Re8 31. Qb4 Bc8 32. a6 bxa6 33. Rxc6 Qe5 34. Qb3
Kh8 35. Bh5 Rd8 36. Qb6 Be7 37. Qxd8+ Bxd8 38. Rxc8 Kh7 39. Rxd8 f4 40. Bf7
fxe3 41. Bg8+ Kh8 42. Bxd5+ Kh7 43. Bg8+ Kh8 44. Bb3+ Kh7 45. Bc2+ g6 46. Rd7+
Kh8 47. c6 e2 48. Nxe2 Qxe2 49. c7 Qe1+ 50. Kh2 Qe5+ 51. g3 1-0

[Event "I Open A"]
[Site "San Marino SMR"]
[Date "1998.06.??"]
[Round "7"]
[White "Costantini, Roberto"]
[Black "Dubois, Martine"]
[Result "1-0"]
[WhiteElo "2140"]
[BlackElo "2060"]
[PlyCount "71"]
[EventDate "1998.06.13"]

1. e4 Nf6 2. Nc3 d5 3. exd5 Nxd5 4. Nf3 g6 5. Bc4 c6 6. Ne4 Bg7 7. d4 Bg4 8. c3
Nd7 9. Bg5 Qc7 10. Ned2 O-O 11. h3 Be6 12. O-O N7f6 13. Re1 h6 14. Bh4 Nh5 15.
Ne5 Ndf4 16. Bxe6 Bxe5 17. Bxf7+ Rxf7 18. Rxe5 Raf8 19. Qc2 Qd7 20. Qe4 Nxh3+
21. gxh3 Qxh3 22. Rxe7 Nf4 23. Rxf7 Rxf7 24. Bg3 g5 25. Re1 Re7 26. Bxf4 Rxe4
27. Rxe4 gxf4 28. Rxf4 Qd3 29. Nf1 Qc2 30. Rg4+ Kh7 31. d5 Qxb2 32. Rb4 Qxa2
33. Rxb7+ Kh8 34. dxc6 Qc4 35. c7 Qg8+ 36. Ng3 1-0

[Event "I Open A"]
[Site "San Marino SMR"]
[Date "1998.06.??"]
[Round "7"]
[White "Elstner, Herbert"]
[Black "Genocchio, Daniele"]
[Result "0-1"]
[WhiteElo "2155"]
[BlackElo "2155"]
[PlyCount "44"]
[EventDate "1998.06.13"]

1. e4 c5 2. Nf3 Nc6 3. d4 cxd4 4. c3 e5 5. Bc4 Qc7 6. O-O Nf6 7. Ng5 Nd8 8. Qb3
Ne6 9. cxd4 Nxd4 10. Bxf7+ Ke7 11. Qa3+ d6 12. Nc3 h6 13. Nd5+ Nxd5 14. Bxd5
hxg5 15. Bxg5+ Ke8 16. Kh1 Be7 17. Rac1 Qd7 18. Be3 Nf3 19. Bf4 Bg5 20. Rxc8+
Rxc8 21. Bg3 Qb5 22. Ra1 Bc1 0-1

[Event "I Open A"]
[Site "San Marino SMR"]
[Date "1998.06.??"]
[Round "7"]
[White "Gaggiottini, Manfredo"]
[Black "Lagrotteria, Salvatore"]
[Result "0-1"]
[WhiteElo "2105"]
[BlackElo "2180"]
[PlyCount "80"]
[EventDate "1998.06.13"]

1. e4 c5 2. Nf3 Nc6 3. d4 cxd4 4. Nxd4 Nf6 5. Nc3 d6 6. Bg5 e6 7. Nf3 Be7 8. h3
O-O 9. Bd3 a6 10. a4 Qc7 11. O-O Bd7 12. Re1 Rac8 13. e5 dxe5 14. Bxf6 gxf6 15.
Nh2 f5 16. Qh5 e4 17. Nxe4 fxe4 18. Rxe4 f5 19. Re3 Be8 20. Qe2 Nd4 21. Qe1 Bd6
22. Nf1 Bf7 23. c3 Nb3 24. Rd1 Nc5 25. Bc2 Bf4 26. Rf3 Bh5 27. g4 fxg4 28. Rxf4
Rxf4 29. b4 g3 30. fxg3 Bxd1 31. Qxd1 Rf7 32. bxc5 Qxc5+ 33. Kh1 Qd5+ 34. Qxd5
exd5 35. Kg2 Rxc3 36. Bd1 Rc1 37. Bb3 Rfxf1 38. Bxd5+ Kg7 39. Bxb7 Rf6 40. h4
Ra1 0-1

[Event "I Open A"]
[Site "San Marino SMR"]
[Date "1998.06.??"]
[Round "7"]
[White "Giorgadze, Giorgi"]
[Black "Sulava, Nenad"]
[Result "1/2-1/2"]
[WhiteElo "2605"]
[BlackElo "2450"]
[PlyCount "111"]
[EventDate "1998.06.13"]

1. d4 d5 2. c4 Nc6 3. cxd5 Qxd5 4. e3 e5 5. Nc3 Bb4 6. Bd2 Bxc3 7. bxc3 Nf6 8.
f3 O-O 9. c4 Qd6 10. d5 Ne7 11. Qb1 a5 12. e4 c6 13. a4 Nd7 14. Nh3 Nc5 15. Nf2
Bd7 16. Nd3 cxd5 17. Nxc5 Qxc5 18. cxd5 f5 19. Qc1 Qd6 20. Qa3 Qxa3 21. Rxa3
fxe4 22. fxe4 Nc8 23. Be3 Nd6 24. Bc5 Rf6 25. Bxd6 Rxd6 26. Bd3 Rb6 27. O-O Rc8
28. Kf2 Kf7 29. Ke3+ Ke7 30. Rb1 Rxb1 31. Bxb1 Rc4 32. Rb3 Rxa4 33. Rxb7 Rb4
34. Rxb4 axb4 35. Bd3 Kd6 36. Ba6 Kc5 37. Kd3 Kb6 38. Bc4 Kc5 39. Ba6 Be8 40.
Bc8 Bb5+ 41. Kc2 Bf1 42. g3 Bg2 43. Kd3 b3 44. Kc3 Bxe4 45. Kxb3 Bxd5+ 46. Kc3
e4 47. h4 Bc6 48. Be6 h6 49. Bc4 Bd7 50. Ba6 Kd5 51. Bc4+ Kc5 52. Ba6 Bf5 53.
Bb5 Bg4 54. Ba6 Bf3 55. Bb7 Be2 56. Kd2 1/2-1/2

[Event "I Open A"]
[Site "San Marino SMR"]
[Date "1998.06.??"]
[Round "7"]
[White "Krumm, Johannes"]
[Black "Tocco, Paolo"]
[Result "1/2-1/2"]
[WhiteElo "2115"]
[BlackElo "2150"]
[PlyCount "95"]
[EventDate "1998.06.13"]

1. e4 e5 2. Nf3 Nc6 3. d4 exd4 4. Nxd4 Bc5 5. Be3 Qf6 6. c3 Nge7 7. Be2 b6 8.
O-O Bb7 9. a3 O-O 10. b4 Bd6 11. Nd2 Ng6 12. g3 Be5 13. N2b3 Qe7 14. Qc2 Rae8
15. Nf5 Qf6 16. Rac1 Nce7 17. f4 Nxf5 18. exf5 Bd6 19. Bd4 Qe7 20. Rce1 Nxf4
21. gxf4 Qh4 22. Qd3 Bxf4 23. Rxf4 Qxf4 24. Qg3 Qh6 25. f6 g6 26. Be5 Rxe5 27.
Qxe5 d6 28. Qg3 Re8 29. Bg4 Re4 30. Rxe4 Bxe4 31. Bh3 Bd5 32. Nd4 Qc1+ 33. Kf2
h5 34. Ne2 Qd1 35. Qe3 Qh1 36. Qg3 Qd1 37. Bg2 Bc4 38. Qe3 Kh7 39. Bf3 Qc2 40.
Be4 Qd1 41. Qf3 a5 42. Qxh5+ Kg8 43. Qg4 axb4 44. axb4 Qd2 45. Bf3 Bxe2 46.
Bxe2 Qxc3 47. h4 Qxf6+ 48. Bf3 1/2-1/2

[Event "I Open A"]
[Site "San Marino SMR"]
[Date "1998.06.??"]
[Round "7"]
[White "Lanzani, Mario"]
[Black "Khenkin, Igor"]
[Result "0-1"]
[WhiteElo "2375"]
[BlackElo "2565"]
[PlyCount "116"]
[EventDate "1998.06.13"]

1. e4 c6 2. d4 d5 3. Nd2 dxe4 4. Nxe4 Bf5 5. Ng3 Bg6 6. N1e2 e6 7. Nf4 Qc7 8.
h4 Bd6 9. Nxg6 hxg6 10. Ne4 Bf4 11. g3 Bxc1 12. Qxc1 Ne7 13. Qd2 Nf5 14. O-O-O
Nd7 15. Bg2 O-O-O 16. Qb4 Nf6 17. Rd3 Qb6 18. Qxb6 axb6 19. Rhd1 Rd7 20. c3 Kc7
21. Kc2 Rhd8 22. a3 Nxe4 23. Bxe4 Nd6 24. Bf3 b5 25. Re1 Nc4 26. Red1 e5 27.
Bg2 b6 28. dxe5 Rxd3 29. Rxd3 Rxd3 30. Kxd3 Nxb2+ 31. Kd4 c5+ 32. Ke4 Nd1 33.
f4 Nxc3+ 34. Kd3 Nb1 35. Bd5 Nxa3 36. Bxf7 b4 37. Bxg6 c4+ 38. Kd4 c3 39. Kd3
c2 40. Kd2 b3 41. Kc1 Nb5 42. Kb2 Nc3 43. Bd3 Kc6 44. f5 Na2 45. Bxc2 bxc2 46.
Kxc2 Nb4+ 47. Kb3 Nd3 48. f6 g6 49. f7 Nc5+ 50. Kc4 Ne6 51. g4 b5+ 52. Kb4 Nf8
53. g5 Kd5 54. Kxb5 Kxe5 55. Kc5 Kf5 56. Kd6 Kg4 57. Ke5 Kxh4 58. Kf6 Kh5 0-1

[Event "I Open A"]
[Site "San Marino SMR"]
[Date "1998.06.??"]
[Round "7"]
[White "Maccapani, Massimiliano"]
[Black "Isonzo, David"]
[Result "1/2-1/2"]
[WhiteElo "1982"]
[BlackElo "2235"]
[PlyCount "41"]
[EventDate "1998.06.13"]

1. e4 b6 2. d4 Bb7 3. Bd3 e6 4. Nf3 c5 5. c3 Nf6 6. Qe2 Nc6 7. d5 Na5 8. c4 b5
9. cxb5 c4 10. Bc2 Bb4+ 11. Bd2 Bxd2+ 12. Nfxd2 exd5 13. e5 O-O 14. exf6 Re8
15. Ne4 dxe4 16. Qd2 e3 17. fxe3 Qxf6 18. Nc3 Qh4+ 19. g3 Qg5 20. e4 Qc5 21.
O-O-O 1/2-1/2

[Event "I Open A"]
[Site "San Marino SMR"]
[Date "1998.06.??"]
[Round "7"]
[White "Magalotti, Andrea"]
[Black "Vettel, Matthias"]
[Result "1-0"]
[WhiteElo "2145"]
[BlackElo "2205"]
[PlyCount "71"]
[EventDate "1998.06.13"]

1. e4 c5 2. Nf3 e6 3. d4 cxd4 4. Nxd4 Nf6 5. Nc3 d6 6. Be3 a6 7. f3 Nc6 8. Qd2
Be7 9. g4 O-O 10. O-O-O Nxd4 11. Bxd4 b5 12. g5 Nd7 13. h4 Qa5 14. Kb1 b4 15.
Ne2 Ne5 16. f4 Nc4 17. Qd3 e5 18. f5 d5 19. Bf2 Nd6 20. f6 gxf6 21. gxf6 Bxf6
22. Qg3+ Kh8 23. Rxd5 Qc7 24. Qf3 Ne8 25. Bh3 Be6 26. Bf5 Ng7 27. Bxh7 Bxd5 28.
exd5 Kxh7 29. Qxf6 Qd8 30. Qxe5 Re8 31. Qd4 Qe7 32. Ng3 f5 33. h5 Rh8 34. h6
Ne8 35. Re1 Qf6 36. Qc5 1-0

[Event "I Open A"]
[Site "San Marino SMR"]
[Date "1998.06.??"]
[Round "7"]
[White "Prelati, Maurizio"]
[Black "Ravagnani, Tiziano"]
[Result "1/2-1/2"]
[WhiteElo "2110"]
[BlackElo "2015"]
[PlyCount "43"]
[EventDate "1998.06.13"]

1. e4 c5 2. d4 cxd4 3. c3 Nf6 4. e5 Nd5 5. Nf3 e6 6. cxd4 b6 7. Bd3 Ba6 8. O-O
Bxd3 9. Qxd3 Nc6 10. Nc3 Ncb4 11. Qe2 Rc8 12. Bd2 Nxc3 13. bxc3 Nc6 14. c4 Bb4
15. Be3 d5 16. exd6 Qxd6 17. a3 Bc3 18. Rac1 Qxa3 19. d5 Ne5 20. dxe6 Nxf3+ 21.
Qxf3 O-O 22. Bd4 1/2-1/2

[Event "I Open A"]
[Site "San Marino SMR"]
[Date "1998.06.??"]
[Round "7"]
[White "Schmitz, Andreas Arnold"]
[Black "Hacker, Christian"]
[Result "1/2-1/2"]
[WhiteElo "2115"]
[BlackElo "2190"]
[PlyCount "45"]
[EventDate "1998.06.13"]

1. e4 e5 2. Nf3 Nc6 3. Bc4 Nf6 4. Ng5 d5 5. exd5 b5 6. Bf1 Nd4 7. c3 h6 8. Nxf7
Kxf7 9. cxd4 exd4 10. Bxb5 Qxd5 11. Qb3 Be6 12. Qxd5 Nxd5 13. Bc4 Nb4 14. Bxe6+
Kxe6 15. Na3 Kd5 16. O-O Rb8 17. b3 Nd3 18. Nc4 Bb4 19. Ba3 Bxa3 20. Nxa3 Rhe8
21. f4 Re2 22. Nc4 Rf8 23. g3 1/2-1/2

[Event "I Open A"]
[Site "San Marino SMR"]
[Date "1998.06.??"]
[Round "7"]
[White "Schmitz, Manuela"]
[Black "Casadei, Mauro"]
[Result "1-0"]
[WhiteElo "2010"]
[BlackElo "2130"]
[PlyCount "39"]
[EventDate "1998.06.13"]

1. d4 d5 2. c4 c6 3. Nf3 Nf6 4. Nc3 a6 5. c5 Bf5 6. Bf4 Nbd7 7. e3 h6 8. h3 g5
9. Bh2 Bg7 10. Bd3 Ne4 11. Qc2 e6 12. Nxe4 dxe4 13. Bxe4 Bxe4 14. Qxe4 Qa5+ 15.
Nd2 O-O-O 16. Qc2 e5 17. O-O exd4 18. Nc4 d3 19. Qxd3 Qxc5 20. Nd6+ 1-0

[Event "I Open A"]
[Site "San Marino SMR"]
[Date "1998.06.??"]
[Round "7"]
[White "Wojtkiewicz, Aleksander"]
[Black "Mantovani, Renzo"]
[Result "1-0"]
[WhiteElo "2535"]
[BlackElo "2365"]
[PlyCount "84"]
[EventDate "1998.06.13"]

1. Nf3 Nf6 2. c4 c5 3. Nc3 Nc6 4. d4 cxd4 5. Nxd4 d6 6. e4 g6 7. Nc2 Bg7 8. Be2
O-O 9. O-O b6 10. Bg5 Bb7 11. Qd2 Rc8 12. f3 a6 13. Kh1 Ne5 14. Ne3 Rc5 15. b4
Nxf3 16. Bxf3 Rxg5 17. e5 Bxf3 18. exf6 Bxg2+ 19. Nxg2 Bxf6 20. Rad1 Rg4 21.
Nd5 Rxc4 22. Nxf6+ exf6 23. Ne3 Re4 24. Nd5 Re6 25. Qh6 Rfe8 26. Rd3 Qa8 27.
Kg1 f5 28. Nc7 Qe4 29. Nxe8 Qg4+ 30. Rg3 Qd4+ 31. Kh1 Rxe8 32. Qf4 Qd5+ 33. Qf3
Qd2 34. Qxf5 Re2 35. Qh3 Qd5+ 36. Rg2 a5 37. bxa5 bxa5 38. Qf3 Qxf3 39. Rxf3
Re1+ 40. Rg1 Re6 41. Ra3 Re5 42. Ra1 Kg7 1-0

[Event "I Open A"]
[Site "San Marino SMR"]
[Date "1998.06.??"]
[Round "8"]
[White "Arlandi, Ennio"]
[Black "Lanzani, Mario"]
[Result "1/2-1/2"]
[WhiteElo "2425"]
[BlackElo "2375"]
[PlyCount "53"]
[EventDate "1998.06.13"]

1. d4 Nc6 2. c4 e5 3. d5 Bb4+ 4. Nd2 Nce7 5. a3 Bxd2+ 6. Bxd2 d6 7. e4 f5 8.
exf5 Bxf5 9. Ne2 Nf6 10. Ng3 Bg6 11. Be2 O-O 12. O-O Ne4 13. Nxe4 Bxe4 14. f3
Bf5 15. Be3 b6 16. Qd2 Qd7 17. Rac1 Kh8 18. Rfd1 a5 19. b3 h6 20. Qb2 Bh7 21.
Kh1 Ng6 22. Bf1 Nf4 23. g3 Nh3 24. Bg2 Ng5 25. Rf1 e4 26. Bxg5 exf3 27. Rxf3
1/2-1/2

[Event "I Open A"]
[Site "San Marino SMR"]
[Date "1998.06.??"]
[Round "8"]
[White "Bartolozzi, Roberto"]
[Black "Krumm, Johannes"]
[Result "1-0"]
[WhiteElo "1905"]
[BlackElo "2115"]
[PlyCount "71"]
[EventDate "1998.06.13"]

1. d4 d5 2. Nf3 Nf6 3. Bg5 e6 4. e3 c6 5. Nbd2 Nbd7 6. Ne5 Qb6 7. Rb1 Nxe5 8.
dxe5 Nd7 9. Bf4 g6 10. Qg4 Bg7 11. Nf3 Qa5+ 12. c3 Qxa2 13. Bd3 Nc5 14. Bc2 Qc4
15. Rd1 Qa2 16. Rb1 Qa6 17. Rd1 Qb6 18. b4 Nd7 19. h4 h5 20. Qg3 Nf8 21. O-O
Bh6 22. Bxh6 Rxh6 23. Qf4 Rh8 24. Qf6 Rg8 25. Ng5 Qc7 26. e4 Qe7 27. Qf4 Rg7
28. Qe3 Nh7 29. Nf3 g5 30. exd5 exd5 31. Bxh7 Rxh7 32. Nxg5 Rg7 33. Rfe1 Be6
34. f4 b6 35. Qf2 Bf5 36. b5 1-0

[Event "I Open A"]
[Site "San Marino SMR"]
[Date "1998.06.??"]
[Round "8"]
[White "Diena, Giovanni"]
[Black "Casadei, Mauro"]
[Result "0-1"]
[WhiteElo "1906"]
[BlackElo "2130"]
[PlyCount "50"]
[EventDate "1998.06.13"]

1. e4 e6 2. d4 d5 3. Nc3 Bb4 4. e5 Ne7 5. Bb5+ Bd7 6. Bxd7+ Qxd7 7. Nge2 c5 8.
Be3 Nf5 9. O-O Nc6 10. Qd3 O-O 11. a3 Ba5 12. Rad1 Rac8 13. Qb5 c4 14. Na4 a6
15. Nc5 axb5 16. Nxd7 Rfd8 17. Nc5 Rc7 18. c3 Ra8 19. b4 b6 20. Nxe6 fxe6 21.
Ra1 Rca7 22. Nf4 Bxb4 23. cxb4 Kf7 24. g4 Nfxd4 25. Ra2 Rxa3 0-1

[Event "I Open A"]
[Site "San Marino SMR"]
[Date "1998.06.??"]
[Round "8"]
[White "Genocchio, Daniele"]
[Black "Cacco, Christian"]
[Result "1/2-1/2"]
[WhiteElo "2155"]
[BlackElo "2180"]
[PlyCount "31"]
[EventDate "1998.06.13"]

1. e4 g6 2. d4 c6 3. Nc3 Bg7 4. Be2 d6 5. h4 Qb6 6. Nf3 Bg4 7. d5 Nd7 8. O-O
Ngf6 9. Rb1 O-O 10. Be3 Qc7 11. Nd4 Bxe2 12. Qxe2 a6 13. b3 Rfc8 14. Rfd1 h5
15. dxc6 bxc6 16. Nf3 1/2-1/2